| 000 | 00558nam a22001817a 4500 | ||
|---|---|---|---|
| 003 | OSt | ||
| 005 | 20251205033726.0 | ||
| 008 | 251205b |||||||| |||| 00| 0 eng d | ||
| 020 | _a971-569-315-6. | ||
| 040 |
_aDWCL-Admin lib _cOC |
||
| 082 | _aFil. 899.2103 J42c 1998 | ||
| 100 | _aJayme, Freda | ||
| 245 |
_a Catch me a firefly and other Storiies / _cFreda Jayme |
||
| 260 |
_a Makati City : _bBookmark, Inc., _cc1998 |
||
| 300 |
_a xii, 262 p. : _bill. ; _c18 cm. |
||
| 650 | _a1. Short stories, Philippine ( English). | ||
| 942 |
_2ddc _cBK - FIL _kFil. _n0 |
||
| 999 |
_c6922 _d6922 |
||